Financial Management & Policy (Record no. 345128)
[ view plain ]
| 000 -LEADER | |
|---|---|
| fixed length control field | 00397 a2200157 4500 |
| 020 ## - INTERNATIONAL STANDARD BOOK NUMBER | |
| International Standard Book Number | 8178085801 |
| 024 ## - OTHER STANDARD IDENTIFIER | |
| Standard number or code | 9788178085807 |
| 082 ## - DEWEY DECIMAL CLASSIFICATION NUMBER | |
| Classification number | 658.15 |
| 090 ## - LOCALLY ASSIGNED LC-TYPE CALL NUMBER (OCLC); LOCAL CALL NUMBER (RLIN) | |
| -- | 2635 |
| -- | 2635 |
| 100 ## - MAIN ENTRY--PERSONAL NAME | |
| Personal name | James C. Van Horne |
| 245 ## - TITLE STATEMENT | |
| Title | Financial Management & Policy |
| Statement of responsibility, etc. | James C. Van Horne |
| 250 ## - EDITION STATEMENT | |
| Edition statement | 12th Ed. |
| 260 ## - PUBLICATION, DISTRIBUTION, ETC. | |
| Place of publication, distribution, etc. | Singapore |
| Name of publisher, distributor, etc. | Pearson Education |
| Date of publication, distribution, etc. | 2002 |
| 300 ## - PHYSICAL DESCRIPTION | |
| Extent | 814 |
| 942 ## - ADDED ENTRY ELEMENTS (KOHA) | |
| Institution code [OBSOLETE] | NBS |
| Koha item type | Book |
| Call number prefix | 658.15 VAN |
| Withdrawn status | Lost status | Damaged status | Not for loan | Permanent Location | Current Location | Date acquired | Total Checkouts | Full call number | Barcode | Date last seen | Date last checked out | Price effective from | Koha item type | Source of classification or shelving scheme | Collection code | Shelving location |
|---|---|---|---|---|---|---|---|---|---|---|---|---|---|---|---|---|
| Central Library (CL) | Central Library (CL) | 08/28/2013 | 2 | 658.15 VAN | NBS4933 | 11/21/2016 | 11/17/2016 | 08/28/2013 | Book | |||||||
| Central Library (CL) | Central Library (CL) | 08/28/2013 | 1 | 658.15 VAN | NBS4932 | 01/26/2017 | 01/17/2017 | 08/28/2013 | Book | |||||||
| Central Library (CL) | Central Library (CL) | 10/07/2015 | 658.15 VAN 2002 | NBS4986 | 10/07/2015 | 10/07/2015 | Book | General Stacks | ||||||||
| Central Library (CL) | Central Library (CL) | 02/18/2016 | 658.15 | NBS6431 | 02/18/2016 | 02/18/2016 | Book | General Stacks | ||||||||
| Central Library (CL) | Central Library (CL) | 08/08/2018 | 658.15 VAN 2012 | NBSD-3064 | 08/08/2018 | 08/08/2018 | Book | General Stacks | ||||||||
| Central Library (CL) | Central Library (CL) | 08/08/2018 | 658.15 VAN 2012 | NBSD-3059 | 08/08/2018 | 08/08/2018 | Book | General Stacks | ||||||||
| Central Library (CL) | Central Library (CL) | 08/09/2018 | 658.15 VAN 2012 | NBSD-3056 | 08/09/2018 | 08/09/2018 | Book | General Stacks |
